000 00587nam a2200193Ia 4500
003 LK-CoDNM
008 010623t2004 xxu||||| |||| 00| 1 sin d
040 _aLK-CoDNM
_dLK-CoDNM
_eLK-CoDNM
041 _asin
080 _a159.9 ILL
100 _aIlleperuma , Karunarathna
245 _aසාර්ථක විවාහ ජීවිත කළමනාකරණය
246 _asarthake Vivaha Jeevitha Kalamanakaranya
260 _bSithul Pauva Vihara Dayaka Sabhava
_aSitulpauwa
_c2004
300 _b32p., 21 cm
650 _aMarrage life
650 _aPsycology
942 _cBK
999 _c124179
_d124179